Random 1960s Albums - Statistics

General Stats
  • This quiz has been taken 641 times
  • The average score is 7 of 16
Answer Stats
Picture Answer % Correct
Abbey Road - The Beatles
100%
Electric Ladyland - Jimi Hendrix
100%
From Elvis in Memphis - Elvis Presley
100%
Lady Soul - Aretha Franklin
100%
Out of Our Heads - The Rolling Stones
100%
Revolver - The Beatles
100%
Rubber Soul - The Beatles
100%
Are You Experienced - Jimi Hendrix Experience
96%
Axis: Bold as Love - Jimi Hendrix Experience
95%
Elvis is Back! - Elvis Presley
95%
Surfin' Safari - The Beach Boys
95%
Modern Sounds of Country and Western Music - Ray Charles
94%
Aretha Now - Aretha Franklin
92%
At Folsom Prison - Johnny Cash
92%
Sounds of Silence - Simon & Garfunkel
92%
Highway 61 Revisited - Bob Dylan
91%
Please, Please Me - The Beatles
90%
Blonde on Blonde - Bob Dylan
89%
Blue Hawaii - Elvis Presley
89%
David Bowie [Space Oddity] - David Bowie
89%
My Way - Frank Sinatra
89%
Led Zeppelin - Led Zeppelin
88%
Pet Sounds - The Beach Boys
88%
Sgt. Pepper's Lonely Hearts Club Band - The Beatles
87%
Everybody Loves Somebody - Dean Martin
86%
The Velvet Underground & Nico - The Velvet Underground
83%
For Once in My Life - Stevie Wonder
81%
Aftermath - The Rolling Stones
80%
I Walk the Line - Johnny Cash
80%
My Generation - The Who
80%
Bookends - Simon & Garfunkel
79%
Hello Dolly! - Louis Armstrong
78%
The Doors - The Doors
77%
If You Can Believe Your Eyes and Ears - The Mama's and the Papa's
76%
I Never Loved a Man the Way I Love You - Aretha Franklin
75%
Songs of Leonard Cohen - Leonard Cohen
75%
The Dock of the Bay - Otis Redding
75%
In Dreams - Roy Orbison
73%
Look At Us - Sonny & Cher
72%
The Animals - The Animals
71%
Led Zeppelin II - Led Zeppelin
69%
Strangers In The Night - Frank Sinatra
69%
Dusty in Memphis - Dusty Springfield
68%
Nashville Skyline - Bob Dylan
68%
Where Did Our Love Go - The Supremes
68%
At Last! - Etta James
67%
Gentle On My Mind - Glen Campbell
67%
Let It Bleed - The Rolling Stones
67%
Surrealistic - Jefferson Airplane
67%
Disraeli Gears - Cream
65%
In The Court of the Crimson King - King Crimson
65%
Along Came Jones - Tom Jones
64%
Headquarters - The Monkees
64%
Boots - Nancy Sinatra
63%
Wichita Lineman - Glen Campbell
61%
Everybody Knows This Is Nowhere - Neil Young / Crazy Horse
60%
Waiting For The Sun - The Doors
60%
More of the Monkees - The Monkees
59%
The Monkees - The Monkees
59%
Clouds - Joni Mitchell
58%
Crosby, Stills & Nash - Crosby, Stills & Nash
58%
In a Silent Way - Miles Davis
56%
Pastel Blues - Nina Simone
55%
Ain't That Good News - Sam Cooke
54%
Just Once In My Life - The Righteous Brothers
54%
Tommy - The Who
53%
Animalisms - The Animals
50%
Blowin' Your Mind - Van Morrison
50%
Night Beat - Sam Cooke
50%
Silk & Soul - Nina Simone
50%
Twist With Chubby Checker - Chubby Checker
50%
A Love Supreme - John Coltrane
48%
Chelsea Girl - Nico
47%
Green River - Creedence Clearwater Revival
47%
In the Groove - Marvin Gaye
47%
Strange Days - The Doors
47%
I Got Dem Ol' Kosmic Blues Again Mama - Janis Joplin
44%
Sunshine Superman - Donovan
44%
A Date With The Everly Brothers - The Everly Brothers
43%
Peter, Paul & Mary - Peter, Paul & Mary
43%
Hot Buttered Soul - Isaac Hayes
41%
The Kinks Are the Village Green Preservation Society - The Kinks
41%
Bayou Country - Creedence Clearwater Revival
40%
Freak Out! - The Mothers of Invention
40%
The Piper at The Gates of Dawn - Pink Floyd
39%
My Favorite Things - John Coltrane
38%
Stand - Sly & the Family Stone
38%
Runaround Sue - Dion
37%
Happy Sad - Tim Buckley
36%
River Deep - Mountain High - Ike & Tina Turner
36%
The Supremes A' Go-Go - The Supremes
36%
A Girl Called Dusty - Dusty Springfield
35%
Astral Weeks - Van Morrison
33%
Big Girls Don't Cry and Twelve Others... - The Four Seasons
33%
Chicago Transit Authority - Chicago
33%
Nancy Lee - Nancy Sinatra & Lee Hazlewood
33%
The Band - The Band
33%
The Stooges - The Stooges
33%
Days of Future Pass - The Moody Blues
32%
Moving - Peter, Paul & Mary
32%
Whipped Cream & Other Delights - Herb Alpert's Tijuana Brass
32%
Hello, I'm Dolly - Dolly Parton
31%
I Left My Heart in San Francisco - Tony Bennett
31%
Kinks - The Kinks
31%
Mingus Mingus Mingus Mingus Mingus - Charles Mingus
31%
Music From Big Pink - The Band
31%
Nefertiti - Miles Davis
31%
Hot Rats - Frank Zappa
30%
Mr. Soul - Sam Cooke
30%
Blues Breakers with Eric Clapton - John Mayall & the Bluesbreakers
29%
Fifth Dimension - The Byrds
29%
Fresh Cream - Cream
29%
Hums of the Lovin' Spoonful - The Lovin' Spoonful
29%
Duke Ellington & John Coltrane - Duke Ellington & John Coltrane
28%
Face to Face - The Kinks
27%
I'll Cry If I Want To - Leslie Gore
27%
Blind Faith - Blind Faith
26%
Buffalo Springfield - Buffalo Springfield
25%
Happy Together - The Turtles
25%
Mr. Tambourine Man - The Byrds
25%
Presenting The Fabulous Ronettes Featuring Veronica - The Ronettes
25%
The Velvet Underground - The Velvet Underground
25%
Going to a Go-Go - Smokey Robinson & the Miracles
24%
Wheels of Fire - Cream
24%
The Black Saint and the Sinner - Charles Mingus
23%
With a Little Help From My Friends - Joe Cocker
23%
Moon River - Andy Williams
22%
Otis Blue: Otis Redding Sings Soul - Otis Redding
22%
White Light/White Heat - The Velvet Underground
22%
Orange Blossom Special - Johnny Cash
21%
Turn! Turn! Turn! - The Byrds
21%
Joan Baez - Joan Baez
20%
Procol Harum - Procol Harum
20%
Begin Here - The Zombies
19%
Don't Come Home a Drinkin' (With Lovin' on Your Mind) - Loretta Lynn
19%
Five Leaves Left - Nick Drake
19%
Smiley Smile - The Beach Boys
19%
Cheap Thrills - Big Brother & the Holding Company
18%
In-A-Gadda-Da-Vida - Iron Butterfly
18%
Live at the Apollo - James Brown
18%
Beck-Ola - The Jeff Beck Group
17%
United - Marvin Gaye & Tammi Terrell
17%
Folk Singer - Muddy Waters
16%
Blues and Roots - Charles Mingus
15%
Forever Changes - Love
15%
Having a Rave Up With the Yardbirds - The Yardbirds
15%
How Do You Like It - Gerry & the Pacemakers
15%
Introducing Herman's Hermits - Herman's Hermits
15%
Brenda Lee - Brenda Lee
14%
The Second - Steppenwolf
14%
First Take - Roberta Flack
13%
Green Onions - Booker T. & the MG's
13%
Kick Out the Jams - MC5
13%
Mr. Fantasy - Traffic
13%
On The Threshold of a Dream - The Moody Blues
13%
Strangers - Merle Haggard
13%
Traffic - Traffic
12%
Downtown - Petula Clark
11%
Steppenwolf - Steppenwolf
11%
Townes Van Zandt - Townes Van Zandt
11%
Butterfly - The Hollies
10%
Blood, Sweat & Tears - Blood, Sweat & Tears
9%
Mama Tried - Merle Haggard & the Strangers
9%
Runaway - Del Shannon
9%
Trout Mask Replica - Captain Beefheart and his Magic Band
9%
Another Place Another Time - Jerry Lee Lewis
8%
Child is a Father to the Man - Blood, Sweat & Tears
8%
From Nowhere - The Troggs
8%
Our Mother the Mountain - Townes Van Zandt
8%
The Psychedelic Sounds of The 13th Floor Elevators - The 13th Floor Elevators
8%
Truth - The Jeff Beck Group
8%
At Home - Shocking Blue
7%
Bee Gees 1st - Bee Gees
7%
Crimson and Clover - Tommy James & the Shondells
7%
Santana - Santana
7%
Sold Out - The Kingston Trio
7%
Aerial Ballet - Nilsson
6%
Born Under a Bad Sign - Albert King
6%
Cloud Nine - The Temptations
6%
Crying - Roy Orbison
6%
Free - Free
6%
Moby Grape - Moby Grape
6%
Seekers Seen in Green - The Seekers
6%
The Age of Aquarius - The 5th Dimension
6%
The Letter/Neon Rainbow - The Box Tops
6%
Here Are The Sonics!!! - The Sonics
5%
Changes - Johnny Rivers
0%
Empyrean Isles - Herbie Hancock
0%
Gettin' Ready - The Temptations
0%
God Bless Tiny Tim - Tiny Tim
0%
Make Way for Dionne Warwick - Dionne Warwick
0%
Night Life - Ray Price
0%
Odyssey and Oracle - The Zombies
0%
Phallus Dei - Amon Düül II
0%
Raindrops Keep Fallin' on My Head - B.J. Thomas
0%
Realization - Johnny Rivers
0%
Rock 'N Soul - Solomon Burke
0%
The Very Special World of Lee Hazlewood - Lee Hazlewood
0%
Tonight's The Night - The Shirelles
0%
Twist Uptown - The Crystals
0%
No matching quizzes found
Score Distribution
Percent of People with Each Score
Percentile by Number Answered
Your Score History
You have not taken this quiz